Maoist insurgency India`s internal security architecture (Record no. 32908)

MARC details
000 -LEADER
fixed length control field 00469nam a2200169Ia 4500
008 - FIXED-LENGTH DATA ELEMENTS--GENERAL INFORMATION
fixed length control field 230917s9999||||xx |||||||||||||| ||und||
020 ## - ISBN
Price RS650
040 ## - CATALOGING SOURCE
-- 211214
Original cataloging agency VIVEKANANDA LIBRARY
041 ## - Language
-- English
082 ## - DDC NUMBER
Classification number 355.0218 R146M
100 ## - MAIN ENTRY--PERSONAL NAME
Personal name Rammohan, E N, ed.
245 #0 - TITLE STATEMENT
Title Maoist insurgency India`s internal security architecture
260 ## - PUBLICATION, DISTRIBUTION, ETC. (IMPRINT)
Place of publication, distribution, etc New Delhi
Name of publisher, distributor, etc Vij Books
Date of publication, distribution, etc 2012
300 ## - PHYSICAL DESCRIPTION
Pages x, 135 p.
500 ## - GENERAL NOTE
General note 3632 21/10/2013 426 25/10/2013 Main Budget
942 ## - ADDED ENTRY ELEMENTS (KOHA)
Koha item type Books
Holdings
Withdrawn status Lost status Damaged status Not for loan Location (home branch) Sublocation or collection (holding branch) Date acquired Koha issues (times borrowed) Koha full call number Accession No. Koha date last seen Koha item type
        VIVEKANANDA LIBRARY VIVEKANANDA LIBRARY 10/12/2013   355.0218 R146M 334232 17/09/2023 Books
© Designed and Maintained by Vivekananda Library, MDU Rohtak